[Event "Africa-ch U10"]
[White "Sameh Mohamed, Abdalrahman"]
[Black "Mugisha, Jean Christophe"]
[Site "Johannesburg"]
[Round "3"]
[Result "1-0"]
[Date "2024.06.17"]
[WhiteElo "1987"]
[BlackElo "1491"]
[PlyCount "45"]
[EventDate "2024.06.16"]
[EventType "swiss"]
[EventRounds "9"]
[EventCountry "RSA"]
[SourceTitle "EXT 2025"]
[Source "ChessBase"]
[SourceDate "2024.10.14"]
[SourceVersion "1"]
[SourceVersionDate "2024.10.14"]
[SourceQuality "1"]

1. e4 e5 2. Nf3 Nc6 3. Bc4 Bc5 4. c3 Qe7 5. d3 h6 6. Bb3 Nf6 7. Nbd2 0-0 8. Nf1 d6 9. Ng3 Bg4 10. h3 Bh5 11. Nf5 Qd7 12. g4 Bg6 13. N3h4 Rad8 14. Nxg6 Rfe8 15. g5 Nh7 16. gxh6 gxh6 17. Nxh6+ Kg7 18. Nf5+ Kg8 19. Rg1 Nf6 20. Qd2 Nh7 21. Nf8+ Kh8 22. Qh6 f6 23. Ng6# 1-0